| 000 -LEADER |
| fixed length control field |
00850nam a22001817a 4500 |
| 005 - DATE AND TIME OF LATEST TRANSACTION |
| control field |
20230927172646.0 |
| 008 - FIXED-LENGTH DATA ELEMENTS--GENERAL INFORMATION |
| fixed length control field |
230927s1978 gw ||||| |||| 00| 0 ger d |
| 020 ## - INTERNATIONAL STANDARD BOOK NUMBER |
| International Standard Book Number |
3733800052 |
| 041 ## - LANGUAGE CODE |
| Language code of text/sound track or separate title |
ger |
| 080 ## - UNIVERSAL DECIMAL CLASSIFICATION NUMBER |
| Universal Decimal Classification number |
738 S-31 |
| 100 ## - MAIN ENTRY--PERSONAL NAME |
| Personal name |
Schade, Günter |
| 9 (RLIN) |
19938 |
| 245 ## - TITLE STATEMENT |
| Title |
Berliner Porzellan : |
| Remainder of title |
Zur Kunst- und Kuturgeschichte der Berliner Porzellanmanufakturen im 18. und 19. Jahrhundert. |
| Statement of responsibility, etc. |
Schade, Günter. |
| 264 ## - PRODUCTION, PUBLICATION, DISTRIBUTION, MANUFACTURE, AND COPYRIGHT NOTICE |
| Place of production, publication, distribution, manufacture |
Leipzig: |
| Name of producer, publisher, distributor, manufacturer |
Koehler & Amelang, |
| Date of production, publication, distribution, manufacture, or copyright notice |
1978. |
| 300 ## - PHYSICAL DESCRIPTION |
| Extent |
228 p.: |
| Other physical details |
ill.; |
| Dimensions |
22 cm. |
| 653 ## - INDEX TERM--UNCONTROLLED |
| keyword |
ბერლინის ფაიფური |
| 653 ## - INDEX TERM--UNCONTROLLED |
| keyword |
მე-18 და მე-19 საუკუნეებში ბერლინის ფაიფურის ქარხნების ხელოვნებისა და კულტურული ისტორიის შესახებ |
| 942 ## - ADDED ENTRY ELEMENTS (KOHA) |
| Source of classification or shelving scheme |
|
| Koha item type |
წიგნი |